[Event "Mondiale Semilampo 2016"]
[Site "Doha QAT"]
[Date "2016.12.28"]
[Round "12.38"]
[White "Aleksandrov, Aleksej"]
[Black "Lu, Shanglei"]
[Result "0-1"]
[WhiteTitle "GM"]
[BlackTitle "GM"]
[WhiteElo "2574"]
[BlackElo "2627"]
[WhiteFideId "13500139"]
[BlackFideId "8603332"]
[EventDate "2016.12.26"]

1. d4 d5 2. c4 e6 3. Nc3 c6 4. e3 Bd6 5. Bd3 f5 6. Nge2 Nf6 7. f3 O-O 8. Qc2 Kh8
9. Bd2 Na6 10. a3 dxc4 11. Bxc4 Nc7 12. Bd3 Ncd5 13. O-O Bd7 14. h3 Qe7 15. Rae1
Rae8 16. e4 fxe4 17. Nxe4 Bb8 18. f4 h6 19. Nc5 b6 20. Na6 Bd6 21. Ng3 Qd8 22.
Qc1 Qc8 23. b4 Ne7 24. a4 Nf5 25. Nxf5 exf5 26. b5 Nd5 27. g3 cxb5 28. axb5 Qd8
29. Qc4 Nf6 30. Bb4 Ne4 31. Bxd6 Nxd6 32. Qd5 Ne4 33. Kh2 Rf6 34. Bxe4 fxe4 35.
Nb4 Rf5 36. Qa2 Bxb5 37. Rf2 Qxd4 38. Rb2 e3 39. Qb1 e2 40. Kg2 Rc5 0-1

[Event "Mondiale Semilampo 2016"]
[Site "Doha QAT"]
[Date "2016.12.28"]
[Round "12.39"]
[White "Henriquez Villagra, Cristobal"]
[Black "Flores, Diego"]
[Result "1-0"]
[WhiteTitle "IM"]
[BlackTitle "GM"]
[WhiteElo "2517"]
[BlackElo "2579"]
[WhiteFideId "3409350"]
[BlackFideId "108049"]
[EventDate "2016.12.26"]

1. e4 e5 2. Nf3 Nc6 3. Bc4 Bc5 4. O-O Nf6 5. d3 O-O 6. a4 d6 7. c3 a6 8. h3 Ne7
9. Bg5 Ng6 10. d4 Ba7 11. dxe5 dxe5 12. Qxd8 Rxd8 13. Na3 Bd7 14. Nc2 Bc6 15.
Bxf6 gxf6 16. Rfe1 Kg7 17. Nb4 Bd7 18. a5 f5 19. exf5 Bxf5 20. g4 Be6 21. Bxe6
fxe6 22. Kg2 Rf8 23. Nd3 Nf4+ 24. Nxf4 Rxf4 25. Rxe5 Raf8 26. Ng5 Rxf2+ 27. Kg3
Kg8 28. Rxe6 Rxb2 29. Ne4 Bf2+ 30. Nxf2 Rbxf2 31. Re3 Rb2 32. Rd1 Rf7 33. Rd8+
Kg7 34. Re5 h6 35. Rc5 c6 36. Rd3 Ra2 37. c4 Rc2 38. Kh4 Kg6 39. Rd6+ Rf6 40.
Rxf6+ Kxf6 41. Kh5 Kg7 42. Re5 Kf6 43. Re4 Rh2 44. h4 Rh1 45. Rd4 Ra1 46. Kxh6
Rxa5 47. Rf4+ Ke7 48. g5 Ra1 49. c5 Rg1 50. Kg6 Rc1 51. h5 Rxc5 52. h6 Rc1 53.
Rh4 Rd1 54. h7 1-0

[Event "Mondiale Semilampo 2016"]
[Site "Doha QAT"]
[Date "2016.12.28"]
[Round "12.40"]
[White "Potapov, Pavel"]
[Black "Moiseenko, Alexander"]
[Result "0-1"]
[WhiteTitle "GM"]
[BlackTitle "GM"]
[WhiteElo "2493"]
[BlackElo "2657"]
[WhiteFideId "4169786"]
[BlackFideId "14102560"]
[EventDate "2016.12.26"]

1. e4 c5 2. c3 d5 3. exd5 Qxd5 4. d4 Nc6 5. Nf3 Bf5 6. Be3 Nf6 7. Na3 e6 8. Qa4
cxd4 9. Nxd4 Bxa3 10. Qxa3 Ng4 11. Nxc6 bxc6 12. Rd1 Nxe3 13. fxe3 Qe5 14. Kf2
Qf6 15. Rd2 Qe7 16. Qxe7+ Kxe7 17. Bd3 Bxd3 18. Rxd3 Rhb8 19. b3 a5 20. Rhd1 Ra7
21. Rd4 Rb5 22. Rc4 Rc7 23. Rd2 g5 24. Ke2 h5 25. b4 axb4 26. cxb4 Ra7 27. Rxc6
Rxb4 28. Rcc2 Rba4 29. Rc5 Kf6 30. Rcc2 Ra3 31. h3 h4 32. Kf2 R7a5 33. Ke2 Kf5
34. Rc7 f6 35. Rcc2 R5a4 36. Kf2 e5 37. Kf3 Re4 38. Kf2 Rexe3 39. Rd6 Re4 40.
Rb2 Kg6 41. Rc2 Rea4 42. Rdd2 g4 43. hxg4 Rxg4 44. Rd6 Rga4 45. Rdd2 Kg5 46. Kg1
f5 47. Rd5 Ra5 48. Rdd2 e4 49. Kh2 Kg4 50. Rf2 e3 51. Rf3 Re5 52. Re2 f4 53. Rh3
Rea5 54. Rb2 Rxa2 0-1

[Event "Mondiale Semilampo 2016"]
[Site "Doha QAT"]
[Date "2016.12.28"]
[Round "12.41"]
[White "Adhiban, Baskaran"]
[Black "Darini, Pouria"]
[Result "1-0"]
[WhiteTitle "GM"]
[BlackTitle "GM"]
[WhiteElo "2666"]
[BlackElo "2511"]
[WhiteFideId "5018471"]
[BlackFideId "12502200"]
[EventDate "2016.12.26"]

1. d4 Nf6 2. Nf3 g6 3. Bg5 Bg7 4. Nbd2 d6 5. e4 O-O 6. c3 c5 7. dxc5 dxc5 8. Bc4
Nc6 9. Qe2 Qc7 10. O-O Na5 11. Bd3 h6 12. Bxf6 exf6 13. Nc4 Be6 14. Nxa5 Qxa5
15. Bc4 Rfe8 16. Rfe1 Qb6 17. a4 Rad8 18. h3 Re7 19. a5 Qc7 20. a6 b6 21. Rad1
Red7 22. Rxd7 Qxd7 23. Bxe6 fxe6 24. g3 Qa4 25. Nh2 b5 26. Qg4 Kf7 27. Qf4 e5
28. Qe3 Bf8 29. h4 h5 30. g4 hxg4 31. Nxg4 Qxa6 32. Qf3 Qe6 33. Ra1 a6 34. h5
gxh5 35. Ne3 Ke8 36. Qxh5+ Kd7 37. Qh7+ Be7 38. Nd5 Qg8+ 39. Qxg8 Rxg8+ 40. Kf1
Rg4 41. Rxa6 Bd8 42. f3 Rh4 43. Kg2 Rh6 44. Ra7+ Kc6 45. Ra8 Kd7 46. Rb8 Rg6+
47. Kf2 f5 48. Rxb5 Bh4+ 49. Kf1 fxe4 50. fxe4 Rg4 51. Rxc5 Rxe4 52. Rc4 Re1+
53. Kg2 e4 54. b4 Ke6 55. Rc5 Re2+ 56. Kh3 Bg5 57. Kg3 Rd2 58. Nf4+ Kf6 59. Kg4
Bh6 60. Rc6+ Kg7 61. Nh5+ Kh7 62. Nf6+ Kg7 63. Nxe4 Rg2+ 64. Kf5 Be3 65. c4 Bd4
66. b5 Rc2 67. c5 Rc1 68. b6 Bg1 69. Rc7+ 1-0

[Event "Mondiale Semilampo 2016"]
[Site "Doha QAT"]
[Date "2016.12.28"]
[Round "12.42"]
[White "Salinas Herrera, Pablo"]
[Black "Quparadze, Giga"]
[Result "0-1"]
[WhiteTitle "IM"]
[BlackTitle "IM"]
[WhiteElo "2466"]
[BlackElo "2481"]
[WhiteFideId "3407128"]
[BlackFideId "13602250"]
[EventDate "2016.12.26"]

1. e4 c5 2. Nf3 e6 3. Nc3 a6 4. Be2 b5 5. O-O Bb7 6. d4 cxd4 7. Qxd4 Nc6 8. Qe3
d6 9. Rd1 Be7 10. h3 Qb8 11. a4 b4 12. Na2 Nf6 13. Bd2 d5 14. e5 Nd7 15. c3 b3
16. Nc1 Ncxe5 17. Nxb3 O-O 18. Na5 Bc8 19. b4 Bd8 20. Nb3 Bb6 21. Qf4 Bc7 22.
Qe3 Bb6 23. Nbd4 Bb7 24. Nxe5 Nxe5 25. Qg3 Bc7 26. Qe3 Ng6 27. Bf1 Bf4 28. Qe2
e5 29. Nf5 Qc7 30. Be1 Rfe8 31. g3 Bg5 32. Bg2 Rad8 33. h4 Bf6 34. Rac1 e4 35.
Bd2 Qd7 36. Qh5 Qxa4 37. Be3 Qd7 38. Bh3 Qc7 39. Nd4 Bc8 40. Bxc8 Qxc8 41. Ne2
Re5 42. Bg5 h6 43. Nf4 hxg5 44. Nxg6 fxg6 45. Qxg6 gxh4 0-1

[Event "Mondiale Semilampo 2016"]
[Site "Doha QAT"]
[Date "2016.12.28"]
[Round "12.43"]
[White "Hirneise, Tobias"]
[Black "Grandelius, Nils"]
[Result "1/2-1/2"]
[WhiteTitle "IM"]
[BlackTitle "GM"]
[WhiteElo "2466"]
[BlackElo "2643"]
[WhiteFideId "24600881"]
[BlackFideId "1710400"]
[EventDate "2016.12.26"]

1. d4 Nf6 2. c4 e6 3. Nf3 d5 4. Nc3 Be7 5. Bg5 h6 6. Bh4 O-O 7. e3 b6 8. Be2
Nbd7 9. cxd5 Nxd5 10. Bxe7 Qxe7 11. Nxd5 exd5 12. Rc1 Qb4+ 13. Qd2 Qxd2+ 14.
Kxd2 c5 15. dxc5 bxc5 16. Rhd1 Bb7 17. Ke1 Rac8 1/2-1/2

[Event "Mondiale Semilampo 2016"]
[Site "Doha QAT"]
[Date "2016.12.28"]
[Round "12.44"]
[White "Xu, Yi"]
[Black "Perez Ponsa, Federico"]
[Result "1-0"]
[WhiteTitle "IM"]
[BlackTitle "GM"]
[WhiteElo "2430"]
[BlackElo "2585"]
[WhiteFideId "8605564"]
[BlackFideId "117927"]
[EventDate "2016.12.26"]

1. e4 c6 2. d4 d5 3. e5 c5 4. dxc5 Nc6 5. a3 Nxe5 6. b4 g6 7. Bb5+ Bd7 8. Qxd5
Bxb5 9. Qxe5 Nf6 10. Nc3 Bc6 11. Nf3 Bg7 12. Bb2 O-O 13. Rd1 Nd5 14. Qg3 Nxc3
15. Rxd8 Raxd8 16. Nd2 Ne4 17. Nxe4 Bxb2 18. Nd2 Bc1 19. Nb3 Bxa3 20. Qc3 Bxg2
21. Rg1 Bd5 22. Ke2 Rd7 23. Ra1 Bxb4 24. Qxb4 a6 25. Nd2 Rfd8 26. Nc4 Be6 27.
Ne3 Rc8 28. Rd1 Rdc7 29. Nd5 Bxd5 30. Rxd5 e6 31. Re5 Kg7 32. Qd4 Kg8 33. h4 h5
34. Ke3 Rc6 35. Rg5 a5 36. Kd3 Kf8 37. Qf6 Ke8 38. Qe5 Rd8+ 39. Kc4 Ke7 40. Qe3
a4 41. Kb4 Ra8 42. Ka3 Ke8 43. Qd4 Ke7 44. Qb4 Ra7 45. Rg1 Ke8 46. Rd1 Ra8 47.
Qxb7 Rac8 48. Rd7 1-0

[Event "Mondiale Semilampo 2016"]
[Site "Doha QAT"]
[Date "2016.12.28"]
[Round "12.45"]
[White "Bindrich, Falko"]
[Black "Sanal, Vahap"]
[Result "1/2-1/2"]
[WhiteTitle "GM"]
[BlackTitle "GM"]
[WhiteElo "2590"]
[BlackElo "2474"]
[WhiteFideId "4676670"]
[BlackFideId "6300545"]
[EventDate "2016.12.26"]

1. d4 Nf6 2. c4 e6 3. Nc3 Bb4 4. Qc2 d5 5. cxd5 Qxd5 6. e3 c5 7. Bd2 Bxc3 8.
Bxc3 cxd4 9. Bxd4 Nc6 10. Bc3 Qc5 11. Rc1 e5 12. Nf3 O-O 13. Be2 Bg4 14. O-O e4
15. Nd4 Nxd4 16. Bxd4 Qxc2 17. Rxc2 Bxe2 18. Rxe2 Nd5 19. Rc1 Nb4 20. h3 Rfc8
21. Rxc8+ Rxc8 22. Bxa7 Ra8 23. Bc5 Nd3 24. Bd4 Rxa2 25. Rc2 Ra1+ 26. Kh2 Rc1
27. Rxc1 Nxc1 28. Kg3 f5 29. Kf4 g6 30. Ke5 Nd3+ 31. Kd6 Nxf2 32. b4 Nd1 33. g3
g5 34. Ke5 f4 35. Kxe4 Nf2+ 36. Kf3 fxg3 37. Kxg3 Nd3 38. b5 Kf7 39. e4 h5 40.
Kf3 Ke6 41. Be3 Kf6 42. Bd4+ Kg6 43. Be3 Ne5+ 44. Ke2 Kf6 45. Bc1 Nc4 46. Kd3
Ne5+ 47. Kd4 g4 48. hxg4 Nxg4 49. Kd5 h4 50. Bf4 h3 51. Kd6 Nf2 52. e5+ Kf5 53.
Bh2 Ne4+ 54. Kc7 Nc5 55. Kd6 Ne4+ 56. Kc7 Nc5 57. Kb6 Nd7+ 58. Kxb7 Nxe5 59. Kc7
Nc4 60. Kc6 Na3 1/2-1/2

[Event "Mondiale Semilampo 2016"]
[Site "Doha QAT"]
[Date "2016.12.28"]
[Round "12.46"]
[White "Amin, Bassem"]
[Black "Tari, Aryan"]
[Result "1-0"]
[WhiteTitle "GM"]
[BlackTitle "GM"]
[WhiteElo "2662"]
[BlackElo "2584"]
[WhiteFideId "10601457"]
[BlackFideId "1510045"]
[EventDate "2016.12.26"]

1. Nf3 Nf6 2. g3 g6 3. Bg2 Bg7 4. O-O O-O 5. d3 d5 6. Nbd2 c5 7. e4 Nc6 8. Re1
e5 9. a3 Re8 10. c3 h6 11. b4 c4 12. exd5 Nxd5 13. Bb2 cxd3 14. b5 Na5 15. c4
Nb6 16. Nxe5 Be6 17. c5 Nd7 18. c6 Nxe5 19. Bxe5 bxc6 20. bxc6 Bxe5 21. Rxe5 Rb8
22. Rc1 Qc7 23. Rcc5 Bf5 24. Rxe8+ Rxe8 25. g4 Bc8 26. Ne4 Re5 27. Nf6+ Kf8 28.
Nd5 Qd8 29. Qxd3 Re1+ 30. Bf1 Qg5 31. Qd4 Re5 32. Nf6 Rxc5 33. Nh7+ Ke7 34. Nxg5
Rxg5 35. Qxa7+ 1-0

[Event "Mondiale Semilampo 2016"]
[Site "Doha QAT"]
[Date "2016.12.28"]
[Round "12.47"]
[White "Fressinet, Laurent"]
[Black "Svane, Rasmus"]
[Result "1/2-1/2"]
[WhiteTitle "GM"]
[BlackTitle "GM"]
[WhiteElo "2672"]
[BlackElo "2555"]
[WhiteFideId "608742"]
[BlackFideId "4657101"]
[EventDate "2016.12.26"]

1. Nf3 d5 2. g3 g6 3. Bg2 Bg7 4. d4 Nd7 5. O-O Ngf6 6. c4 dxc4 7. Na3 Nb6 8. Ne5
Ng4 9. Nxg4 Bxg4 10. Bxb7 O-O 11. Nc2 Rb8 12. Bg2 Qd7 13. f3 Bh3 14. Bxh3 Qxh3
15. a4 Qd7 16. a5 Na4 17. Ra2 Rfd8 18. Kg2 c5 19. Ne3 Rb4 20. dxc5 Nxc5 21. Qc2
Qe6 22. Rd1 Rxd1 23. Nxd1 Rb8 24. Be3 Na6 25. Ra4 Nb4 26. Qd2 Nc6 27. Bf2 a6 28.
Nc3 Bxc3 29. bxc3 Rb5 30. e4 f5 31. Qe2 fxe4 32. Qxe4 Qxe4 33. fxe4 Rxa5 34.
Rxc4 Ne5 35. Rc7 Ra2 36. Kf1 Ng4 37. Bg1 Kf7 38. Bc5 Nxh2+ 39. Ke1 Nf3+ 40. Kd1
h5 41. Rxe7+ Kf6 42. Re8 Kg5 43. e5 Rd2+ 44. Kc1 Rd5 45. Bd6 Kf5 46. Rf8+ Kg4
47. c4 Rd4 48. c5 Nxe5 49. Bxe5 Rc4+ 50. Kd2 Rxc5 51. Bb8 g5 52. Rd8 Rc4 53. Kd3
Rb4 54. Kc3 a5 55. Rg8 h4 56. gxh4 Kxh4 57. Bd6 Re4 58. Kd3 Re6 59. Rh8+ Kg4 60.
Bc7 a4 61. Ra8 Re7 62. Bb6 Kf3 63. Rf8+ Kg4 64. Bc5 Re5 65. Kc4 Re4+ 66. Bd4 Re6
67. Ra8 Kf3 68. Kd5 Re1 69. Rxa4 g4 70. Ra3+ Kf4 71. Ra4 Rd1 72. Ra8 Kf3 73.
Rf8+ Ke2 74. Rf2+ Kd3 75. Rg2 Rd2 76. Rg3+ Kc2 77. Kc4 Re2 78. Rxg4 Rd2 79. Rg3
Re2 80. Ra3 Rd2 81. Bc3 Re2 82. Kd4 Kd1 83. Bb4 Rc2 84. Rh3 Re2 85. Rh1+ Kc2 86.
Ba5 Rf2 87. Re1 Rh2 88. Bb4 Rh4+ 89. Kc5 Rh5+ 90. Kc4 Rh4+ 91. Kb5 Rh5+ 92. Bc5
Kd3 93. Rd1+ Ke2 94. Rd8 Rh4 95. Bd4 Kf3 96. Kc4 Rg4 97. Kd3 Rg6 98. Rf8+ Kg4
99. Ke4 Kg5 100. Be5 Kh5 101. Rf1 Kg5 102. Rf3 Kh5 103. Kf5 Rg5+ 104. Ke6 Rg4
105. Rh3+ Kg6 106. Rh8 Kg5 107. Rg8+ Kh5 108. Rxg4 Kxg4 1/2-1/2

[Event "Mondiale Semilampo 2016"]
[Site "Doha QAT"]
[Date "2016.12.28"]
[Round "12.48"]
[White "Pichot, Alan"]
[Black "Bosiocic, Marin"]
[Result "1/2-1/2"]
[WhiteTitle "GM"]
[BlackTitle "GM"]
[WhiteElo "2544"]
[BlackElo "2591"]
[WhiteFideId "110973"]
[BlackFideId "14507927"]
[EventDate "2016.12.26"]

1. e4 c5 2. Nf3 e6 3. d4 cxd4 4. Nxd4 Nc6 5. Nc3 Qc7 6. f4 a6 7. Nxc6 bxc6 8.
Bd3 d5 9. O-O Nf6 10. Qe2 Be7 11. b3 Bb7 12. Bb2 O-O 13. Rae1 Rfe8 14. Rf3 c5
15. Kh1 g6 16. e5 Nd7 17. Rh3 Bf8 18. Nd1 c4 19. bxc4 dxc4 20. Bxc4 Nc5 21. Ne3
h5 22. f5 exf5 23. Nxf5 Bc8 24. Rf1 Bxf5 25. Rxf5 gxf5 26. Qxh5 Bg7 27. Qh7+ Kf8
28. Rg3 Ne6 29. Rxg7 1/2-1/2

[Event "Mondiale Semilampo 2016"]
[Site "Doha QAT"]
[Date "2016.12.28"]
[Round "12.49"]
[White "Atabayev, Yusup"]
[Black "Agdestein, Simen"]
[Result "1/2-1/2"]
[WhiteTitle "IM"]
[BlackTitle "GM"]
[WhiteElo "2473"]
[BlackElo "2602"]
[WhiteFideId "14001128"]
[BlackFideId "1500015"]
[EventDate "2016.12.26"]

1. d4 e6 2. e4 d5 3. Nc3 Nc6 4. Nf3 Nf6 5. e5 Ne4 6. Bd3 Nxc3 7. bxc3 h6 8. O-O
Na5 9. Be3 Nc4 10. Bxc4 dxc4 11. Nd2 Qd5 12. Qe2 b6 13. Nxc4 Bb7 14. f3 Ba6 15.
Nd6+ cxd6 16. Qxa6 dxe5 17. Rad1 Qc6 18. Kh1 Bd6 19. Qd3 O-O 20. d5 exd5 21.
Qxd5 Qxd5 22. Rxd5 Rfd8 23. Rfd1 Be7 24. Rxd8+ Rxd8 25. Rxd8+ Bxd8 26. Kg1 Kf8
27. Kf1 Ke7 28. Ke2 h5 29. Kd3 Kd6 30. h3 f5 31. Bc1 Kd5 32. c4+ Kc6 33. Ba3 g6
34. Bf8 Bc7 35. Ba3 Bd6 36. Bb2 Kd7 37. Bc1 Bc5 38. Bb2 Ke6 39. Bc3 Ba3 40. Ba1
a6 41. Bc3 b5 42. Be1 Bc5 43. cxb5 axb5 44. c4 b4 45. Bd2 Kd6 46. Be1 Kc6 47.
Bd2 Kd6 48. Be1 Ke6 1/2-1/2

[Event "Mondiale Semilampo 2016"]
[Site "Doha QAT"]
[Date "2016.12.28"]
[Round "12.50"]
[White "Tregubov, Pavel V."]
[Black "Atabayev, Maksat"]
[Result "0-1"]
[WhiteTitle "GM"]
[BlackTitle "GM"]
[WhiteElo "2585"]
[BlackElo "2492"]
[WhiteFideId "4115341"]
[BlackFideId "14001101"]
[EventDate "2016.12.26"]

1. d4 Nf6 2. c4 e6 3. Nc3 d5 4. cxd5 exd5 5. Bg5 c6 6. e3 Nbd7 7. Bd3 Be7 8. Qc2
Nh5 9. Bxe7 Qxe7 10. Nf3 Nf4 11. O-O Nxd3 12. Qxd3 O-O 13. Rfe1 Nf6 14. Ne5 c5
15. b3 b6 16. Rac1 Bb7 17. Nf3 Rac8 18. dxc5 bxc5 19. Na4 Rfd8 20. h3 Rc7 21.
Qb5 Rdc8 22. Qa5 Qd6 23. Nd2 Qa6 24. Qxa6 Bxa6 25. e4 d4 26. Nc4 Bxc4 27. Rxc4
Nd7 28. Rec1 a5 29. Kf1 Kf8 30. R4c2 Ke7 31. Ke2 g5 32. Nb2 Ne5 33. Nd3 Nxd3 34.
Kxd3 Kd6 35. Rc4 Rb8 36. g3 f6 37. Ra4 Rb5 38. Rh1 h5 39. f3 Rg7 40. Rc1 h4 41.
g4 Ra7 42. Rac4 Rc7 43. R1c2 Rb4 44. Rc1 Rxc4 45. Rxc4 Ke5 46. Ra4 Kf4 47. Ke2
Kg3 48. Rxa5 Kxh3 49. Kf2 d3 50. Ra6 Rd7 51. Ke1 Kg2 52. Rxf6 d2+ 53. Kd1 h3 0-1

[Event "Mondiale Semilampo 2016"]
[Site "Doha QAT"]
[Date "2016.12.28"]
[Round "12.51"]
[White "Debashis, Das"]
[Black "Christiansen, Johan-Sebastian"]
[Result "1-0"]
[WhiteTitle "GM"]
[BlackTitle "IM"]
[WhiteElo "2472"]
[BlackElo "2429"]
[WhiteFideId "5024854"]
[BlackFideId "1512668"]
[EventDate "2016.12.26"]

1. d4 Nf6 2. c4 c5 3. d5 b5 4. Nf3 g6 5. cxb5 a6 6. b6 d6 7. Nc3 Nbd7 8. a4 Qxb6
9. Nd2 Bg7 10. e4 O-O 11. Be2 Rb8 12. O-O Ne8 13. Nc4 Qd8 14. a5 Nc7 15. Na4 Nb5
16. Nab6 Nxb6 17. Nxb6 Be5 18. Kh1 Bg7 19. Ra2 Bd7 20. Bg5 Nc7 21. Bc4 Bb5 22.
Bxb5 axb5 23. Qd2 Na8 24. Nxa8 Rxa8 25. b4 Qd7 26. Rc1 Rfc8 27. Rac2 cxb4 28.
Rxc8+ Rxc8 29. Qxb4 Rxc1+ 30. Bxc1 Qc7 31. Bd2 Qc2 32. g3 h5 33. h4 f5 34. a6
Qa2 35. Qa5 Qb1+ 36. Kh2 Bd4 37. a7 Qf1 38. a8=Q+ Kf7 39. Be3 Bxe3 40. Qa2 Bxf2
41. Qa1 Be1 42. Q8a2 fxe4 43. Qd4 Qf5 44. Qe2 1-0

[Event "Mondiale Semilampo 2016"]
[Site "Doha QAT"]
[Date "2016.12.28"]
[Round "12.52"]
[White "Zhang, Zhong"]
[Black "Quintiliano Pinto, Renato R."]
[Result "1-0"]
[WhiteTitle "GM"]
[BlackTitle "IM"]
[WhiteElo "2645"]
[BlackElo "2484"]
[WhiteFideId "8600694"]
[BlackFideId "2117568"]
[EventDate "2016.12.26"]

1. e4 c5 2. Nf3 d6 3. Bb5+ Nd7 4. O-O a6 5. Bd3 Ngf6 6. Re1 g6 7. c3 Bg7 8. Bc2
O-O 9. d4 b5 10. e5 dxe5 11. dxe5 Ng4 12. e6 fxe6 13. h3 Nge5 14. Ng5 Nb6 15.
Qxd8 Rxd8 16. Bf4 Nec4 17. Bc7 Rf8 18. Bxb6 Nxb6 19. Nxe6 Bxe6 20. Rxe6 Nd5 21.
Nd2 Rf6 22. Ree1 c4 23. a4 Rd8 24. Ne4 Rb6 25. axb5 axb5 26. Red1 e6 27. Ra7 b4
28. Rc7 bxc3 29. bxc3 Rb2 30. Ba4 Ra8 31. Rxc4 Nb6 32. Bc6 Rc8 33. Rc5 Na4 34.
Bxa4 1-0

[Event "Mondiale Semilampo 2016"]
[Site "Doha QAT"]
[Date "2016.12.28"]
[Round "12.53"]
[White "Ghaem Maghami, Ehsan"]
[Black "Gashimov, Sarkhan"]
[Result "1-0"]
[WhiteTitle "GM"]
[WhiteElo "2574"]
[BlackElo "2351"]
[WhiteFideId "12500739"]
[BlackFideId "13400657"]
[EventDate "2016.12.26"]

1. e4 d5 2. exd5 Qxd5 3. Nf3 Nf6 4. d4 Bg4 5. Be2 Nc6 6. h3 Bh5 7. c4 Qd6 8. Be3
O-O-O 9. Nbd2 h6 10. O-O g5 11. d5 Nb8 12. Nd4 Bxe2 13. Qxe2 a6 14. b4 Rg8 15.
b5 g4 16. h4 g3 17. bxa6 Nxa6 18. Nb5 Qe5 19. Na7+ Kd7 20. Nf3 gxf2+ 21. Qxf2
Qg3 22. Qb2 Ke8 23. Rae1 Nd7 24. Re2 Rb8 25. Nb5 Bg7 26. Bd4 Kd8 27. Bxg7 Qxg7
28. Qa3 Re8 29. Nfd4 Qg4 30. Rxf7 Nac5 31. Qe3 Ra8 32. Rxe7 Rxe7 1-0

[Event "Mondiale Semilampo 2016"]
[Site "Doha QAT"]
[Date "2016.12.28"]
[Round "12.54"]
[White "Hirneise, Jens"]
[Black "Al-Sayed, Mohammed"]
[Result "0-1"]
[WhiteTitle "FM"]
[BlackTitle "GM"]
[WhiteElo "2315"]
[BlackElo "2508"]
[WhiteFideId "24614734"]
[BlackFideId "12100196"]
[EventDate "2016.12.26"]

1. e4 c5 2. Nf3 d6 3. d4 cxd4 4. Nxd4 Nf6 5. Nc3 a6 6. Be3 Nbd7 7. g4 h6 8. f3
e6 9. Qd2 b5 10. a3 Bb7 11. O-O-O Rc8 12. h4 Ne5 13. Rh3 Nfd7 14. g5 hxg5 15.
hxg5 Rxh3 16. Bxh3 Nc4 17. Qe1 g6 18. f4 Qe7 19. Kb1 Bg7 20. Bc1 e5 21. f5 exd4
22. f6 Bxf6 23. gxf6 Qxf6 24. Nd5 Bxd5 25. exd5+ Kd8 26. Qg3 Kc7 27. Rf1 Qg7 28.
Qg4 Rd8 29. Bg5 f5 30. Bxd8+ Kxd8 31. Qg5+ Qe7 32. Qh6 Qe3 33. Qh4+ g5 34. Qh8+
Kc7 35. Rd1 g4 36. Bf1 Nd2+ 37. Ka2 Nxf1 38. Rxf1 g3 39. Qh1 f4 40. Re1 g2 41.
Qh4 g1=Q 42. Rxg1 Qxg1 43. Qxf4 Qe3 44. Qf5 Qe7 45. Qg4 Qe5 46. Qg8 Nf6 47. Qg7+
Kb6 48. b3 Nxd5 49. Qf8 Kb7 50. Qf7+ Nc7 51. Qf3+ d5 52. Qd3 Qe4 53. Qd1 Qe3 54.
Kb1 Qc3 55. Ka2 a5 56. Qe2 a4 0-1

[Event "Mondiale Semilampo 2016"]
[Site "Doha QAT"]
[Date "2016.12.28"]
[Round "12.55"]
[White "Gholami, Aryan"]
[Black "Belyakov, Bogdan"]
[Result "0-1"]
[WhiteTitle "IM"]
[BlackTitle "IM"]
[WhiteElo "2422"]
[BlackElo "2487"]
[WhiteFideId "12513342"]
[BlackFideId "24104795"]
[EventDate "2016.12.26"]

1. e4 e5 2. Nf3 Nc6 3. Bb5 Nf6 4. O-O Nxe4 5. d4 Nd6 6. Bxc6 dxc6 7. dxe5 Nf5 8.
Qxd8+ Kxd8 9. Nc3 Ke8 10. Ne4 Be7 11. h3 h5 12. Bg5 Be6 13. b3 b6 14. Rad1 a5
15. a4 h4 16. Rd2 Bd5 17. Re1 Rh5 18. Bxe7 Kxe7 19. c4 Bxe4 20. Rxe4 Rd8 21.
Rxd8 Kxd8 22. Kf1 Ke7 23. Ke2 c5 24. Kd3 Rh8 25. Ke2 g6 26. Ke1 Rh6 27. Kd2 Rh5
28. Kc3 Rh8 29. Kc2 Rh5 30. Kc3 Ke6 31. Kc2 Nd4+ 32. Nxd4+ cxd4 33. Rxd4 Rxe5
34. Rxh4 Re2+ 35. Kc3 Rxf2 36. g4 Rf3+ 37. Kc2 Kd6 38. Rh7 Kc5 39. h4 Kb4 40. h5
gxh5 41. gxh5 Rf2+ 42. Kd3 Kxb3 43. h6 Rf6 44. Kd4 Kxa4 45. Ke5 Rg6 46. Rxf7
Rxh6 47. Rxc7 Kb4 48. Kd4 a4 49. Ra7 Rh4+ 50. Kd3 Rxc4 0-1

[Event "Mondiale Semilampo 2016"]
[Site "Doha QAT"]
[Date "2016.12.28"]
[Round "12.56"]
[White "Neelotpal, Das"]
[Black "Maghsoodloo, Parham"]
[Result "0-1"]
[WhiteTitle "GM"]
[BlackTitle "GM"]
[WhiteElo "2463"]
[BlackElo "2584"]
[WhiteFideId "5003512"]
[BlackFideId "12539929"]
[EventDate "2016.12.26"]

1. e4 c5 2. Nf3 e6 3. b3 Nf6 4. e5 Nd5 5. Bb2 Nc6 6. g3 g6 7. Bg2 Bg7 8. Na3 d6
9. Nc4 dxe5 10. Nfxe5 Nd4 11. a4 O-O 12. O-O f6 13. Nd3 Qc7 14. Re1 Rd8 15. f4
b6 16. a5 Rb8 17. axb6 axb6 18. Ne3 Ne7 19. h4 h5 20. Ra3 Qd7 21. b4 Bb7 22.
bxc5 Bxg2 23. Nxg2 Nef5 24. cxb6 Qc6 25. Bxd4 Nxd4 26. Rc3 Qa8 27. Nc5 Rxb6 28.
Rce3 Qc8 29. Rc3 Nb5 30. Rc4 Bf8 31. d4 Nxd4 32. Qd3 Bxc5 33. Qxg6+ Kf8 34.
Qxf6+ Ke8 35. Kh1 Qc6 36. Qh8+ Kd7 37. Qxh5 Nf5 38. Qg6 Re8 39. Rd1+ Nd6 40. Rc3
Re7 41. h5 Rb8 42. h6 Rf8 43. g4 Kc8 44. Qh5 e5 45. g5 Ne4 46. Rcd3 exf4 47. Kh2
f3 48. Rxf3 Bd6+ 49. Kh1 Rxf3 50. Qg4+ Kc7 0-1

[Event "Mondiale Semilampo 2016"]
[Site "Doha QAT"]
[Date "2016.12.28"]
[Round "12.57"]
[White "Tissir, Mohamed"]
[Black "Kayumov, Sergey"]
[Result "1-0"]
[WhiteTitle "IM"]
[BlackTitle "GM"]
[WhiteElo "2376"]
[BlackElo "2505"]
[WhiteFideId "9000240"]
[BlackFideId "14200880"]
[EventDate "2016.12.26"]

1. e4 e5 2. Nf3 Nc6 3. Bc4 Bc5 4. c3 Nf6 5. d3 a6 6. Bb3 Ba7 7. Nbd2 O-O 8. Nf1
d5 9. Qe2 Ng4 10. Ne3 d4 11. Nxg4 Bxg4 12. h3 Be6 13. Bxe6 fxe6 14. c4 Bc5 15.
O-O Be7 16. a3 a5 17. b3 Qe8 18. Ng5 Qg6 19. Qg4 Rf6 20. h4 h5 21. Qh3 Raf8 22.
Bd2 b6 23. f3 Bd6 24. Rfb1 Qe8 25. b4 a4 26. Rc1 Nd8 27. c5 bxc5 28. bxc5 Be7
29. Rab1 Rg6 30. Rb8 Qd7 31. Qg3 Nc6 32. Rxf8+ Bxf8 33. Rc4 Qc8 34. f4 exf4 35.
Bxf4 Qb7 36. Qf3 Be7 37. Qxh5 Bxg5 38. hxg5 Kf7 39. Rc1 Ne7 40. c6 Qb2 41. Rf1
Ke8 42. Qh8+ 1-0

[Event "Mondiale Semilampo 2016"]
[Site "Doha QAT"]
[Date "2016.12.28"]
[Round "12.58"]
[White "Kozul, Zdenko"]
[Black "khayat, Abdullah F"]
[Result "1-0"]
[WhiteTitle "GM"]
[WhiteElo "2613"]
[BlackElo "1732"]
[WhiteFideId "14502879"]
[BlackFideId "21500460"]
[EventDate "2016.12.26"]

1. d4 Nf6 2. Nf3 g6 3. c4 d6 4. Nc3 Bg7 5. e4 O-O 6. Be2 e5 7. O-O exd4 8. Nxd4
a6 9. Bg5 Qe8 10. f3 Nh5 11. Qd2 f6 12. Be3 f5 13. exf5 gxf5 14. Rfe1 f4 15. Bf2
Qg6 16. Bd3 Qf7 17. Nd5 Be5 18. Qc2 Qg7 19. Nf5 Bxf5 20. Bxf5 Nd7 21. Nxc7 Rac8
22. Ne6 Qf6 23. Nxf8 Rxf8 24. Bxd7 Rf7 25. Bg4 Ng7 26. c5 h5 27. Bh3 Nf5 28.
Bxf5 1-0